Kolomojskyj prehral bitku, nie vojnu

Sebavedomý ukrajinský oligarcha Kolomojskyj prišiel o politický úrad, no vplyv na dianie v krajine si uchoval. Trenice vnútri ukrajinskej garnitúry, ktorú vyniesla k moci vlaňajšia revolúcia. Pätica miliardárov a ich vplyv. Uhladený, štátnický a stále dravý Kolomojskyj. Odporúčanie Západu ukrajinské...

Ausführliche Beschreibung

Gespeichert in:
Bibliographische Detailangaben
1. Verfasser: Pressburg, Adrian Peter
Format: Buchkapitel
Sprache:Slowakisch
Schlagworte:
Tags: Tag hinzufügen
Keine Tags, Fügen Sie das erste Tag hinzu!

MARC

LEADER 00000naa a2200000 4500
001 0199853
005 20231113103053.1
041 0 |a slo 
044 |a SK 
245 1 0 |a Kolomojskyj prehral bitku, nie vojnu  |c Adrian Peter Pressburg 
520 |a Sebavedomý ukrajinský oligarcha Kolomojskyj prišiel o politický úrad, no vplyv na dianie v krajine si uchoval. Trenice vnútri ukrajinskej garnitúry, ktorú vyniesla k moci vlaňajšia revolúcia. Pätica miliardárov a ich vplyv. Uhladený, štátnický a stále dravý Kolomojskyj. Odporúčanie Západu ukrajinskému prezidentovi. Odstúpenie Kolomojského. 
610 2 0 |a politika vnútorná 
610 2 0 |a politika zahraničná 
610 2 0 |a bohatí 
610 2 0 |a oligarchia finančná 
610 2 0 |a konflikty 
610 2 0 |a Ukrajina 
100 1 |a Pressburg, Adrian Peter